Kadra Liverpoolu w Premier League 2015/16 - Statystyki

Ogólne statystyki
  • Ten quiz został rozwiązany 36 razy
  • Średni wynik to 12 z 31
Statystyki odpowiedzi
Numer Narodowość Zawodnik % Poprawnych
6 Chorwacja Dejan Lovren
83%
4 WKS Kolo Toure
77%
10 Brazylia Philippe Coutinho
73%
22 Belgia Simon Mignolet
73%
7 Anglia James Milner
70%
14 Anglia Jordan Henderson
67%
11 Brazylia Roberto Firmino
63%
23 Niemcy Emre Can
57%
21 Brazylia Lucas Leiva
57%
9 Belgia Christian Benteke
53%
17 Francja Mamadou Sakho
53%
37 Słowacja Martin Skrtel
53%
2 Anglia Nathaniel Clyne
53%
15 Anglia Daniel Sturridge
50%
27 Belgia Divock Origi
50%
12 Anglia Joe Gomez
47%
20 Anglia Adam Lallana
40%
18 Hiszpania Alberto Moreno
40%
24 Walia Joe Allen
33%
34 Węgry Adam Bogdan
27%
38 Anglia Joe Flanagan
20%
28 Anglia Danny Ings
17%
52 Walia Danny Ward
17%
33 Anglia Jordon Ibe
17%
44 Australia Brad Smith
13%
54 Anglia Sheyi Ojo
10%
56 Anglia Connor Randall
3%
53 Portugalia Joao Carlos Teixeira
3%
26 Portugalia Tiago Ilori
3%
47 Anglia Andre Wisdom
0%
35 Jamajka Kevin Stewart
0%
Nie znaleziono quizów pasujących do podanych kryteriów
Rozkład punktacji
Procent ludzi z każdym wynikiem
Percentyl według liczby udzielonych odpowiedzi
Twoja historia wyników
Nie rozwiązałeś tego quizu